|
|
|
|
| LEADER |
00944cam a2200253 7i4500 |
| 001 |
0000068259 |
| 005 |
20220510090000.0 |
| 020 |
|
|
|a 9783030445119 (electronic book)
|
| 020 |
|
|
|a 9783030445102
|
| 090 |
0 |
0 |
|a RC488.5
|b .L66 2020
|
| 245 |
0 |
0 |
|a Long term systemic therapy :
|b individuals, couples and families
|c Arlene Vetere, Jim Sheehan, editors.
|
| 264 |
|
|
|a Switzerland:
|b Palgrave Macmillan,
|c 2020.
|
| 300 |
|
|
|a 1 online resource (xxi, 209 pages):
|b illustrations (some color), text file, PDF.
|
| 336 |
|
|
|a text
|2 rdacontent
|
| 337 |
|
|
|a computer
|2 rdamedia
|
| 338 |
|
|
|a online resource
|2 rdacarrier
|
| 650 |
0 |
0 |
|a Interpersonal Psychotherapy
|
| 650 |
0 |
0 |
|a Systemic therapy (Family therapy)
|
| 655 |
0 |
0 |
|a Electronic books
|
| 700 |
1 |
|
|a Vetere, Arlene
|
| 700 |
1 |
|
|a Sheehan, Jim
|
| 856 |
4 |
2 |
|u http://library.unisel.edu.my/web/guest/mylibrary
|
| 997 |
|
|
|a Health Sciences, Faculty
|
| 999 |
|
|
|a EBO0012539
|b EBOOK
|c EBOOK
|e Electronic resources
|